[Event "Titled Tuesday intern op 25th Jul Late"]
[Site "Chess.com INT"]
[Date "2023.07.25"]
[Round "9"]
[White "Bueno, Alfeu Varela Jr"]
[Black "Terletsky, Oleg"]
[Result "0-1"]
[WhiteElo "2135"]
[BlackElo "2160"]
[PlyCount "76"]
[EventDate "2023.07.25"]
[EventType "swiss (blitz)"]
[EventRounds "11"]
[EventCountry "USA"]
[SourceTitle "EXT 2024"]
[Source "ChessBase"]
[SourceDate "2023.10.10"]
[SourceVersion "1"]
[SourceVersionDate "2023.10.10"]
[SourceQuality "1"]

1. e4 e5 2. Nc3 Nf6 3. f4 d5 4. fxe5 Nxe4 5. Qf3 Nc6 6. Bb5 Nxc3 7. dxc3 Qh4+ 8. g3 Qe4+ 9. Qxe4 dxe4 10. Bxc6+ bxc6 11. Be3 h5 12. h3 a5 13. Ne2 Ba6 14. Nd4 Bc5 15. 0-0-0 Bxd4 16. Rxd4 Be2 17. Bg5 Bf3 18. Rh2 0-0 19. Rd7 f6 20. exf6 gxf6 21. Bh6 Rf7 22. Rhd2 a4 23. Bf4 Kg7 24. Rxf7+ Kxf7 25. Rd7+ Kg6 26. Rxc7 h4 27. Kd2 Kf5 28. Ke3 hxg3 29. Bxg3 Rg8 30. Kf2 Bh5 31. Rxc6 e3+ 32. Kg2 e2 33. Rc5+ Ke6 34. Kf2 Rxg3 35. Rxh5 Re3 36. Ke1 f5 37. Rh8 Kd5 38. Rd8+ Ke4 0-1

[Event "Titled Tuesday intern op 25th Jul Early"]
[Site "Chess.com INT"]
[Date "2023.07.25"]
[Round "3"]
[White "Lenoir Ibacache, Gabriel Alberto"]
[Black "Terletsky, Oleg"]
[Result "0-1"]
[WhiteElo "2225"]
[BlackElo "2160"]
[PlyCount "84"]
[EventDate "2023.07.25"]
[EventType "swiss (blitz)"]
[EventRounds "11"]
[EventCountry "USA"]
[SourceTitle "EXT 2024"]
[Source "ChessBase"]
[SourceDate "2023.10.10"]
[SourceVersion "1"]
[SourceVersionDate "2023.10.10"]
[SourceQuality "1"]

1. e4 e5 2. Nf3 Nc6 3. d4 exd4 4. Nxd4 Nf6 5. Nxc6 bxc6 6. e5 Qe7 7. Qe2 Nd5 8. c4 Ba6 9. Nd2 f6 10. exf6 Nxf6 11. Nf3 0-0-0 12. Qxe7 Bxe7 13. Bd3 Bb4+ 14. Bd2 Rhe8+ 15. Kd1 Bc5 16. Ng5 Ng4 17. Kc2 Nxf2 18. Nf7 Nxd3 19. Kxd3 d5 20. Nxd8 Bxc4+ 21. Kc2 Rxd8 22. Rae1 d4 23. b3 Bd5 24. Kb2 Rd7 25. Re8+ Kb7 26. Rc1 Be7 27. g3 Bf7 28. Rh8 h6 29. Rf1 Bg6 30. Rf4 Bg5 31. Rf2 Bf6 32. g4 d3+ 33. Kc1 Bd4 34. Rf4 c5 35. h4 Re7 36. h5 Be4 37. Rg8 Bc6 38. Kd1 a5 39. a4 Re2 40. Bxa5 Rb2 41. Rf7 Bd5 42. Rxc7+ Ka6 0-1

[Event "Titled Tuesday intern op 04th Jul Early"]
[Site "Chess.com INT"]
[Date "2023.07.04"]
[Round "11"]
[White "Akhmedinov, Satbek"]
[Black "Terletsky, Oleg"]
[Result "1-0"]
[WhiteElo "1974"]
[BlackElo "2160"]
[PlyCount "69"]
[EventDate "2023.07.04"]
[EventType "swiss (blitz)"]
[EventRounds "11"]
[EventCountry "USA"]
[SourceTitle "EXT 2024"]
[Source "ChessBase"]
[SourceDate "2023.10.10"]
[SourceVersion "1"]
[SourceVersionDate "2023.10.10"]
[SourceQuality "1"]

1. e4 e5 2. Nf3 Nc6 3. Bc4 Nf6 4. d3 h6 5. c3 d6 6. 0-0 g6 7. h3 Bg7 8. Be3 0-0 9. Nbd2 d5 10. exd5 Nxd5 11. Bc5 Re8 12. Re1 Nb6 13. Bxb6 axb6 14. Nb3 Bf5 15. Qe2 e4 16. dxe4 Bxe4 17. Nfd2 Bf5 18. Qf3 Ne5 19. Qxb7 Nxc4 20. Nxc4 Be6 21. Ne3 Qg5 22. Qf3 h5 23. Nd4 Bxa2 24. Qc6 Bxd4 25. cxd4 Red8 26. Qxc7 Be6 27. Rxa8 Rxa8 28. Qxb6 Bxh3 29. d5 Re8 30. g3 h4 31. Qd6 Re5 32. Ng2 Bxg2 33. Qxe5 Qxe5 34. Rxe5 h3 35. d6 1-0

[Event "Titled Tuesday intern op 04th Jul Early"]
[Site "Chess.com INT"]
[Date "2023.07.04"]
[Round "10"]
[White "Petrova, Irina"]
[Black "Terletsky, Oleg"]
[Result "0-1"]
[WhiteElo "2108"]
[BlackElo "2160"]
[PlyCount "42"]
[EventDate "2023.07.04"]
[EventType "swiss (blitz)"]
[EventRounds "11"]
[EventCountry "USA"]
[SourceTitle "EXT 2024"]
[Source "ChessBase"]
[SourceDate "2023.10.10"]
[SourceVersion "1"]
[SourceVersionDate "2023.10.10"]
[SourceQuality "1"]

1. e4 e5 2. Nf3 Nc6 3. Bc4 Nf6 4. Ng5 d5 5. exd5 Na5 6. Bb5+ c6 7. dxc6 bxc6 8. Qf3 Be7 9. 0-0 0-0 10. Bd3 h6 11. Ne4 Nd5 12. Nec3 f5 13. Nxd5 cxd5 14. Qh5 e4 15. Bb5 f4 16. b4 Rf5 17. Qg6 Rg5 18. Qe8+ Qxe8 19. Bxe8 Bh3 20. bxa5 Bxg2 21. Bc6 Bf3# 0-1

[Event "Titled Tuesday intern op 04th Jul Early"]
[Site "Chess.com INT"]
[Date "2023.07.04"]
[Round "9"]
[White "Terletsky, Oleg"]
[Black "Kuznetsov, Mikhail V"]
[Result "1-0"]
[WhiteElo "2160"]
[BlackElo "2246"]
[PlyCount "49"]
[EventDate "2023.07.04"]
[EventType "swiss (blitz)"]
[EventRounds "11"]
[EventCountry "USA"]
[SourceTitle "EXT 2024"]
[Source "ChessBase"]
[SourceDate "2023.10.10"]
[SourceVersion "1"]
[SourceVersionDate "2023.10.10"]
[SourceQuality "1"]

1. e4 c6 2. d4 d5 3. Nc3 a6 4. Nf3 Bg4 5. Be2 e6 6. 0-0 Nf6 7. exd5 cxd5 8. Bf4 Nc6 9. Re1 Be7 10. h3 Bxf3 11. Bxf3 0-0 12. Ne2 b5 13. Ng3 Qb6 14. c3 b4 15. Be2 bxc3 16. bxc3 Na5 17. Bd3 Qc6 18. Rc1 Nc4 19. Be5 Nxe5 20. dxe5 Nd7 21. c4 Nb6 22. Qh5 g6 23. Qh6 Nxc4 24. Nh5 Kh8 25. Qg7# 1-0

[Event "Titled Tuesday intern op 06th Jun Early"]
[Site "Chess.com INT"]
[Date "2023.06.06"]
[Round "6"]
[White "Pulpan, Jakub"]
[Black "Terletsky, Oleg"]
[Result "0-1"]
[WhiteElo "2406"]
[BlackElo "2160"]
[PlyCount "38"]
[EventDate "2023.06.06"]
[EventType "swiss (blitz)"]
[EventRounds "11"]
[EventCountry "USA"]
[SourceTitle "EXT 2024"]
[Source "ChessBase"]
[SourceDate "2023.10.10"]
[SourceVersion "1"]
[SourceVersionDate "2023.10.10"]
[SourceQuality "1"]

1. d4 Nf6 2. c4 g6 3. Nc3 Bg7 4. e4 d6 5. Nge2 a6 6. a4 a5 7. f3 0-0 8. Bg5 Nc6 9. d5 Nb4 10. Ng3 c6 11. Qd2 cxd5 12. cxd5 e6 13. dxe6 Bxe6 14. Bb5 h6 15. Be3 d5 16. e5 Nh7 17. f4 d4 18. Rd1 dxe3 19. Qxe3 Nc2+ 0-1

[Event "Titled Tuesday intern op 06th Jun Early"]
[Site "Chess.com INT"]
[Date "2023.06.06"]
[Round "8"]
[White "Terletsky, Oleg"]
[Black "Bornholdt, Joa Max"]
[Result "1-0"]
[WhiteElo "2160"]
[BlackElo "2260"]
[PlyCount "45"]
[EventDate "2023.06.06"]
[EventType "swiss (blitz)"]
[EventRounds "11"]
[EventCountry "USA"]
[SourceTitle "EXT 2024"]
[Source "ChessBase"]
[SourceDate "2023.10.10"]
[SourceVersion "1"]
[SourceVersionDate "2023.10.10"]
[SourceQuality "1"]

1. e4 e5 2. Nf3 Nc6 3. Nc3 Nf6 4. d4 exd4 5. Nxd4 Nxe4 6. Nxe4 Qe7 7. f3 d5 8. Bb5 Bd7 9. Bxc6 bxc6 10. 0-0 dxe4 11. fxe4 g6 12. Nb3 Bg7 13. Be3 a5 14. Bc5 Qe6 15. a4 Bxb2 16. Rb1 Be5 17. Qd3 Bc8 18. Nd4 Qd7 19. Rfd1 Ba6 20. Qxa6 Bxd4+ 21. Rxd4 Rxa6 22. Rb8+ Qc8 23. Rxc8# 1-0

[Event "Titled Tuesday intern op 06th Jun Early"]
[Site "Chess.com INT"]
[Date "2023.06.06"]
[Round "5"]
[White "Terletsky, Oleg"]
[Black "Molina, Roberto Junio Brito"]
[Result "0-1"]
[WhiteElo "2160"]
[BlackElo "2403"]
[PlyCount "68"]
[EventDate "2023.06.06"]
[EventType "swiss (blitz)"]
[EventRounds "11"]
[EventCountry "USA"]
[SourceTitle "EXT 2024"]
[Source "ChessBase"]
[SourceDate "2023.10.10"]
[SourceVersion "1"]
[SourceVersionDate "2023.10.10"]
[SourceQuality "1"]

1. e4 c6 2. d4 d5 3. Nc3 dxe4 4. Nxe4 Nd7 5. Ng5 Ngf6 6. Bd3 e6 7. N1f3 Bd6 8. Qe2 h6 9. Ne4 Nxe4 10. Qxe4 Qc7 11. Qg4 g5 12. Qh3 Rg8 13. Nd2 Bf8 14. 0-0 b6 15. Ne4 Bb7 16. Qg3 Qxg3 17. hxg3 0-0-0 18. g4 Kc7 19. f4 Bg7 20. c3 c5 21. fxg5 hxg5 22. Rxf7 cxd4 23. Bxg5 Rdf8 24. Raf1 dxc3 25. Bf4+ e5 26. Bg3 cxb2 27. Ng5 Bd5 28. Rxf8 Rxf8 29. Rxf8 Bxf8 30. Nf3 Bd6 31. Nd2 Nc5 32. Bb1 e4 33. Bxd6+ Kxd6 34. Nc4+ Bxc4 0-1

[Event "Titled Tuesday intern op 06th Jun Early"]
[Site "Chess.com INT"]
[Date "2023.06.06"]
[Round "2"]
[White "Terletsky, Oleg"]
[Black "Rian, Kapriaga"]
[Result "1-0"]
[WhiteElo "2160"]
[BlackElo "2089"]
[PlyCount "71"]
[EventDate "2023.06.06"]
[EventType "swiss (blitz)"]
[EventRounds "11"]
[EventCountry "USA"]
[SourceTitle "EXT 2024"]
[Source "ChessBase"]
[SourceDate "2023.10.10"]
[SourceVersion "1"]
[SourceVersionDate "2023.10.10"]
[SourceQuality "1"]

1. e4 c6 2. d4 d5 3. Nc3 dxe4 4. Nxe4 Bf5 5. Ng3 Bg6 6. h4 h6 7. Nf3 Nd7 8. h5 Bh7 9. Bd3 Bxd3 10. Qxd3 e6 11. Bf4 Qa5+ 12. Kf1 Ngf6 13. c4 Be7 14. Rh3 0-0 15. Kg1 Rfd8 16. Qc2 b5 17. c5 Nd5 18. Bd2 Qc7 19. Re1 a5 20. Ne4 N7f6 21. Ne5 Nxe4 22. Qxe4 Bf6 23. Ng4 Bg5 24. Bxg5 hxg5 25. Ne5 Nf4 26. Rg3 f6 27. Ng6 Nxg6 28. hxg6 Re8 29. Qg4 Kf8 30. Rge3 e5 31. dxe5 Rxe5 32. Rxe5 fxe5 33. Qf5+ Kg8 34. Qe6+ Kf8 35. Rxe5 Rd8 36. Rf5+ 1-0

[Event "Titled Tuesday intern op 30th May Early"]
[Site "Chess.com INT"]
[Date "2023.05.30"]
[Round "6"]
[White "Terletsky, Oleg"]
[Black "Bashirli, Saadat"]
[Result "1-0"]
[WhiteElo "2160"]
[BlackElo "1571"]
[PlyCount "103"]
[EventDate "2023.05.30"]
[EventType "swiss (blitz)"]
[EventRounds "11"]
[EventCountry "USA"]
[SourceTitle "CBM 214 Extra"]
[Source "ChessBase"]
[SourceDate "2023.07.31"]
[SourceVersion "1"]
[SourceVersionDate "2023.07.31"]
[SourceQuality "1"]

1. e4 c5 2. Nf3 g6 3. d4 cxd4 4. Nxd4 Nc6 5. c4 Nf6 6. Nc3 Nxd4 7. Qxd4 d6 8. Be3 Bg7 9. f3 0-0 10. Qd2 a5 11. b3 a4 12. b4 a3 13. Rc1 Be6 14. Be2 Nd7 15. 0-0 Ne5 16. Nd5 Bxd5 17. cxd5 Qd7 18. h3 f6 19. f4 Nf7 20. Qd3 e6 21. Bg4 f5 22. dxe6 Qxe6 23. exf5 gxf5 24. Bxf5 Qxa2 25. Bxh7+ Kh8 26. Bg6 Qe6 27. f5 Qe5 28. f6 Bxf6 29. Bxf7 Rxf7 30. Rxf6 Rxf6 31. Bd4 Qf4 32. Rf1 a2 33. Rxf4 a1Q+ 34. Bxa1 Rxa1+ 35. Kh2 Rxf4 36. Qc3+ Kh7 37. Qxa1 Rxb4 38. Qf6 Rb6 39. Qf7+ Kh6 40. Qf4+ Kg6 41. h4 Rc6 42. Qg5+ Kh7 43. h5 Rc5 44. Qg6+ Kh8 45. h6 Rc7 46. g4 d5 47. g5 d4 48. Qf6+ Kg8 49. g6 Rd7 50. Qe6+ Kh8 51. Qxd7 d3 52. Qg7# 1-0

[Event "Titled Tuesday intern op 30th May Early"]
[Site "Chess.com INT"]
[Date "2023.05.30"]
[Round "3"]
[White "Terletsky, Oleg"]
[Black "Makhmudov, Shukhrat"]
[Result "1-0"]
[WhiteElo "2160"]
[BlackElo "2115"]
[PlyCount "121"]
[EventDate "2023.05.30"]
[EventType "swiss (blitz)"]
[EventRounds "11"]
[EventCountry "USA"]
[SourceTitle "CBM 214 Extra"]
[Source "ChessBase"]
[SourceDate "2023.07.31"]
[SourceVersion "1"]
[SourceVersionDate "2023.07.31"]
[SourceQuality "1"]

1. e4 e5 2. Nf3 Nc6 3. Nc3 Nf6 4. d4 exd4 5. Nxd4 Bb4 6. Nxc6 bxc6 7. Bd3 d5 8. exd5 cxd5 9. 0-0 0-0 10. Bg5 c6 11. Qf3 Bd6 12. h3 Rb8 13. Rab1 Be5 14. Na4 h6 15. Bf4 Qd6 16. Bxe5 Qxe5 17. b4 Re8 18. Nc5 Nd7 19. Nxd7 Bxd7 20. Qg3 Qxg3 21. fxg3 Re5 22. a3 g6 23. Rbe1 Rbe8 24. Rxe5 Rxe5 25. Kf2 Kg7 26. Re1 Rxe1 27. Kxe1 Kf6 28. Kd2 Ke5 29. c3 d4 30. c4 f5 31. Be2 f4 32. gxf4+ Kxf4 33. c5 Ke5 34. Bf3 h5 35. h4 Be8 36. g3 Bd7 37. a4 a6 38. a5 Bc8 39. Be2 Ke4 40. Bd3+ Kf3 41. Bxg6 Kxg3 42. Bxh5 Kxh4 43. Be8 Bb7 44. Kd3 Kg5 45. Kxd4 Kf6 46. Bh5 Ke6 47. Bg4+ Ke7 48. Ke5 Kd8 49. Kd6 Ba8 50. Bd7 Bb7 51. Bxc6 Bc8 52. Bd5 Bd7 53. c6 Bf5 54. Be6 Bxe6 55. Kxe6 Kc7 56. Kd5 Kc8 57. Kd6 Kb8 58. Kd7 Ka8 59. c7 Ka7 60. b5 axb5 61. c8Q 1-0

[Event "Titled Tuesday intern op 04th Apr Early"]
[Site "Chess.com INT"]
[Date "2023.04.04"]
[Round "11"]
[White "Kilic, Eray"]
[Black "Terletsky, Oleg"]
[Result "0-1"]
[WhiteElo "2418"]
[BlackElo "2160"]
[PlyCount "116"]
[EventDate "2023.04.04"]
[EventType "swiss (blitz)"]
[EventRounds "11"]
[EventCountry "USA"]
[SourceTitle "EXT 2024"]
[Source "ChessBase"]
[SourceDate "2023.10.10"]
[SourceVersion "1"]
[SourceVersionDate "2023.10.10"]
[SourceQuality "1"]

1. e4 e5 2. Nf3 Nc6 3. Bb5 a6 4. Ba4 Nf6 5. 0-0 Be7 6. Re1 b5 7. Bb3 d6 8. c3 0-0 9. h3 Bb7 10. d4 Re8 11. Nbd2 Bf8 12. Bc2 h6 13. a3 Nb8 14. a4 Nbd7 15. b3 g6 16. Bb2 Bg7 17. Bd3 c6 18. Qc2 Nh5 19. Bf1 Rf8 20. axb5 cxb5 21. d5 f5 22. c4 b4 23. Qd1 f4 24. Nh2 Nc5 25. Be2 Nf6 26. Ng4 h5 27. Nxf6+ Qxf6 28. Qc2 Bc8 29. Ra5 Nb7 30. Ra4 a5 31. Rea1 Bd7 32. R4a2 Bh6 33. c5 dxc5 34. Nc4 f3 35. Bxf3 Bxh3 36. Bxe5 Qg5 37. Qd3 Rae8 38. Bg3 Bc8 39. e5 h4 40. Bh2 Bf5 41. Qe3 Qxe3 42. fxe3 Bd3 43. d6 Bxc4 44. bxc4 Bxe3+ 45. Kh1 Bd4 46. Re1 Nxd6 47. Bd5+ Kh7 48. Rxa5 Nf5 49. e6 Kh6 50. Raa1 Ng3+ 51. Bxg3 hxg3 52. e7 Rh8 53. Be6 Rxe7 54. Bh3 Rxe1+ 55. Rxe1 Rb8 56. Rb1 b3 57. Bg4 b2 58. Bd1 Kg5 0-1

[Event "Titled Tuesday intern op 04th Apr Early"]
[Site "Chess.com INT"]
[Date "2023.04.04"]
[Round "3"]
[White "Simonovic, Miroslav"]
[Black "Terletsky, Oleg"]
[Result "0-1"]
[WhiteElo "2097"]
[BlackElo "2160"]
[PlyCount "80"]
[EventDate "2023.04.04"]
[EventType "swiss (blitz)"]
[EventRounds "11"]
[EventCountry "USA"]
[SourceTitle "EXT 2024"]
[Source "ChessBase"]
[SourceDate "2023.10.10"]
[SourceVersion "1"]
[SourceVersionDate "2023.10.10"]
[SourceQuality "1"]

1. d4 Nf6 2. Bg5 g6 3. Bxf6 exf6 4. c4 f5 5. Nc3 Bg7 6. g3 0-0 7. Bg2 Re8 8. e3 c6 9. Nge2 d6 10. 0-0 h5 11. h4 Nd7 12. b4 a6 13. a4 Nf6 14. Qd3 Ng4 15. b5 Bd7 16. Rab1 g5 17. hxg5 Qxg5 18. bxc6 bxc6 19. Nf4 h4 20. Nce2 hxg3 21. Nxg3 Qh4 22. Rfe1 Rab8 23. Nh3 Rxb1 24. Rxb1 Rxe3 25. Nxf5 Rxd3 26. Nxh4 Bxd4 27. Rb8+ Kg7 28. Bf3 Ne5 29. Nf4 Nxf3+ 30. Nxf3 Rxf3 31. Nh5+ Kg6 32. Rh8 Rxf2 33. Kh1 Bg4 34. Nf4+ Rxf4 35. Kg2 f5 36. Rd8 Be5 37. Ra8 Rxc4 38. Rxa6 Rc2+ 39. Kf1 Bg3 40. Ra7 Bf3 0-1

[Event "Titled Tuesday intern op 04th Apr Early"]
[Site "Chess.com INT"]
[Date "2023.04.04"]
[Round "1"]
[White "Van Foreest, Jorden"]
[Black "Terletsky, Oleg"]
[Result "1-0"]
[WhiteElo "2680"]
[BlackElo "2160"]
[PlyCount "85"]
[EventDate "2023.04.04"]
[EventType "swiss (blitz)"]
[EventRounds "11"]
[EventCountry "USA"]
[SourceTitle "EXT 2024"]
[Source "ChessBase"]
[SourceDate "2023.10.10"]
[SourceVersion "1"]
[SourceVersionDate "2023.10.10"]
[SourceQuality "1"]

1. d4 Nf6 2. Nf3 g6 3. c4 Bg7 4. Nc3 0-0 5. e4 d6 6. Be3 Ng4 7. Bg5 h6 8. Bh4 g5 9. Bg3 Nc6 10. h3 Nf6 11. d5 Nb8 12. Bd3 e5 13. dxe6 fxe6 14. e5 Nh5 15. Qe2 Nxg3 16. fxg3 Nd7 17. Qe4 Rf5 18. Bc2 Nxe5 19. Nd4 c6 20. 0-0-0 d5 21. cxd5 cxd5 22. Qe2 Rf7 23. Kb1 Nc4 24. Qd3 Qb6 25. Nb3 Bd7 26. Rhf1 Rf5 27. Rxf5 exf5 28. Nxd5 Qb5 29. Nc7 Qb4 30. Qxd7 Nxb2 31. Nxa8 Na4 32. Qe8+ Bf8 33. Qe6+ Kh8 34. Qf6+ Kg8 35. Bxf5 Nc3+ 36. Kc2 Nxd1 37. Be6+ Kh7 38. Qf7+ Bg7 39. Bf5+ Kh8 40. Qe8+ Qf8 41. Qxf8+ Bxf8 42. Kxd1 Bd6 43. g4 1-0

[Event "Titled Tuesday intern op 04th Apr Early"]
[Site "Chess.com INT"]
[Date "2023.04.04"]
[Round "5"]
[White "Zaichenko, Daria"]
[Black "Terletsky, Oleg"]
[Result "0-1"]
[WhiteElo "2104"]
[BlackElo "2160"]
[PlyCount "112"]
[EventDate "2023.04.04"]
[EventType "swiss (blitz)"]
[EventRounds "11"]
[EventCountry "USA"]
[SourceTitle "EXT 2024"]
[Source "ChessBase"]
[SourceDate "2023.10.10"]
[SourceVersion "1"]
[SourceVersionDate "2023.10.10"]
[SourceQuality "1"]

1. e4 e5 2. Nf3 Nc6 3. Bc4 Nf6 4. d3 h6 5. c3 d6 6. Bb3 g6 7. 0-0 Bg7 8. Nbd2 0-0 9. d4 Nh5 10. Nc4 exd4 11. cxd4 Bg4 12. d5 Nd4 13. Be3 Nxf3+ 14. gxf3 Bh3 15. Re1 Qh4 16. Kh1 b5 17. Nd2 Be5 18. Rg1 Bxh2 19. Bxh6 Be5 20. Bg5 Bg2+ 21. Kxg2 Qxg5+ 22. Kf1 Qh4 23. f4 Qh3+ 24. Ke1 Nxf4 25. Qf3 Nd3+ 26. Ke2 Qxf3+ 27. Nxf3 Nxb2 28. Nxe5 dxe5 29. Rac1 Rac8 30. d6 cxd6 31. Rxg6+ Kh7 32. Rxc8 Rxc8 33. Rxd6 Rc7 34. Rd5 Rb7 35. Rxe5 a5 36. Bd5 Rc7 37. Rf5 Kg7 38. Rg5+ Kf6 39. Rf5+ Kg6 40. f4 a4 41. Rg5+ Kf6 42. e5+ Ke7 43. Rg7 Kf8 44. Rh7 Re7 45. Ke3 b4 46. Kd4 Rd7 47. f5 Nd3 48. f6 Kg8 49. Rh4 b3 50. axb3 a3 51. Rg4+ Kf8 52. Rh4 Kg8 53. Rg4+ Kh7 54. Rg7+ Kh6 55. Rxf7 Rxf7 56. Bxf7 a2 0-1

[Event "Lvov Christmas op"]
[Site "Lvov"]
[Date "2022.12.30"]
[Round "3"]
[White "Saliuk, Yevhen"]
[Black "Terletsky, Oleg"]
[Result "0-1"]
[WhiteElo "1328"]
[BlackElo "2110"]
[PlyCount "63"]
[EventDate "2022.12.30"]
[EventType "swiss (rapid)"]
[EventRounds "7"]
[EventCountry "UKR"]
[SourceTitle "CBM 211 Extra"]
[Source "ChessBase"]
[SourceDate "2023.01.31"]
[SourceVersion "1"]
[SourceVersionDate "2023.01.31"]
[SourceQuality "1"]

1. e4 e5 2. Nf3 Nc6 3. Bb5 a6 4. Ba4 Nf6 5. d3 b5 6. Bb3 Be7 7. c3 d6 8. Nbd2 0-0 9. 0-0 Na5 10. Bc2 c5 11. Re1 Re8 12. Nf1 Bf8 13. Ng3 Bb7 14. Nf5 d5 15. Qe2 c4 16. exd5 cxd3 17. Bxd3 e4 18. Bxb5 axb5 19. N3d4 Qxd5 20. Qxb5 Qxb5 21. Nxb5 Nb3 22. Rb1 Nxc1 23. Rexc1 Rxa2 24. Nfd6 Rb8 25. Nxb7 Rxb7 26. Nd4 Rbxb2 27. Rxb2 Rxb2 28. Kf1 Bc5 29. Ne2 Ng4 30. Rd1 g6 31. h3 Nxf2 32. Rd8+ 0-1

[Event "Lvov Zheliandinov Memorial"]
[Site "Lvov"]
[Date "2022.08.08"]
[Round "3"]
[White "Shevchuk, Dmytro1111"]
[Black "Terletsky, Oleg"]
[Result "0-1"]
[WhiteElo "1799"]
[BlackElo "2176"]
[PlyCount "84"]
[EventDate "2022.08.06"]
[EventType "tourn"]
[EventRounds "11"]
[EventCountry "UKR"]
[SourceTitle "CBM 209 Extra"]
[Source "ChessBase"]
[SourceDate "2022.09.30"]
[SourceVersion "1"]
[SourceVersionDate "2022.09.30"]
[SourceQuality "1"]

1. d4 Nf6 2. c4 g6 3. Nc3 Bg7 4. e4 d6 5. Be2 0-0 6. Nf3 e5 7. Be3 Ng4 8. Bg5 f6 9. Bc1 Nc6 10. 0-0 Nh6 11. d5 Ne7 12. b4 f5 13. a4 fxe4 14. Nxe4 Nhf5 15. a5 Nd4 16. Nxd4 exd4 17. Bd3 c6 18. Bg5 cxd5 19. cxd5 Bf5 20. g4 Bxe4 21. Bxe4 Qd7 22. f3 Rac8 23. Rc1 Kh8 24. Rxc8 Rxc8 25. Qe1 Ng8 26. Qh4 Qf7 27. f4 Re8 28. Bd3 Re3 29. Rd1 h6 30. f5 Rxd3 31. Rxd3 gxf5 32. Bxh6 Nxh6 33. g5 Qe7 34. Rh3 d3 35. gxh6 Bf6 36. Qf2 Qe4 37. Kf1 Qh1+ 38. Qg1 d2 39. Rd3 d1Q+ 40. Rxd1 Qf3+ 41. Ke1 Bc3+ 42. Rd2 Qe4+ 0-1

[Event "Titled Tuesday intern op 26th Jul Early"]
[Site "Chess.com INT"]
[Date "2022.07.26"]
[Round "5"]
[White "Filip, Andrei"]
[Black "Terletsky, Oleg"]
[Result "0-1"]
[WhiteElo "2344"]
[BlackElo "2176"]
[PlyCount "130"]
[EventDate "2022.07.26"]
[EventType "swiss (blitz)"]
[EventRounds "11"]
[EventCountry "USA"]
[SourceTitle "EXT 2023"]
[Source "ChessBase"]
[SourceDate "2022.10.05"]
[SourceVersion "1"]
[SourceVersionDate "2022.10.05"]
[SourceQuality "1"]

1. e4 e5 2. Nf3 Nc6 3. Bc4 Nf6 4. Ng5 d5 5. exd5 Na5 6. Bb5+ c6 7. dxc6 bxc6 8. Bd3 Nd5 9. Nf3 Bd6 10. 0-0 0-0 11. Re1 Re8 12. c3 f5 13. Bf1 e4 14. Nd4 Nf6 15. b4 Bxh2+ 16. Kxh2 Ng4+ 17. Kg1 Qh4 18. Nf3 exf3 19. Rxe8+ Kf7 20. Bc4+ Nxc4 21. Qxf3 Kxe8 22. Qxc6+ Kd8 23. Qd5+ Ke7 24. Qc5+ Nd6 25. d3 Qh2+ 26. Kf1 Qh1+ 27. Ke2 Qxc1 28. f3 Qb2+ 29. Nd2 Qxa1 30. fxg4 Qxa2 31. Qc6 Qe6+ 32. Kd1 Bb7 33. Qc7+ Qd7 34. Qc5 Rc8 35. Qe5+ Qe6 36. Qxg7+ Nf7 37. g5 Bxg2 38. Qxh7 Rxc3 39. Qh4 Kd7 40. Qd4+ Bd5 41. Qxc3 Nxg5 42. Qg7+ Nf7 43. Qf8 Nd6 44. Qg7+ Qe7 45. Qd4 Ke6 46. Qe3+ Kf7 47. Qd4 Be6 48. Qc5 Ne8 49. Qd4 Nf6 50. Qh4 Qd7 51. Qg3 Qd5 52. Qc7+ Qd7 53. Qg3 Ng4 54. Qf3 Kg6 55. Qg3 Qd5 56. Nc4 Qd4 57. Kc1 Bxc4 58. dxc4 Qxc4+ 59. Kb2 Qxb4+ 60. Ka2 Qa5+ 61. Kb1 Qb6+ 62. Ka2 Qa5+ 63. Kb1 Qb5+ 64. Ka1 Qe5+ 65. Kb1 Qxg3 0-1